Property developers' attitudes to access in Sweden and the UK. (Record no. 60350)

MARC details
000 -LEADER
fixed length control field 00895cam a2200205 4500
001 - CONTROL NUMBER
control field ABS60706
008 - FIXED-LENGTH DATA ELEMENTS--GENERAL INFORMATION
fixed length control field 000000n1999 000 0 eng u
035 ## - SYSTEM CONTROL NUMBER
System control number (Sirsi) u101187
100 ## - MAIN ENTRY--PERSONAL NAME
Personal name Imrie, R.
245 ## - TITLE STATEMENT
Title Property developers' attitudes to access in Sweden and the UK.
260 ## - PUBLICATION, DISTRIBUTION, ETC.
Date of publication, distribution, etc. 1999
490 ## - SERIES STATEMENT
Series statement Access by Design
Volume/sequential designation (79) Summer 1999, 9-12(4)
520 ## - SUMMARY, ETC.
Summary, etc. A comparison of attitudes to disabled access in Sweden and the UK, based on research carried out by the Dept. of Geography at Royal Holloway University in London. Concludes that best practice in the UK is more innovative than in Sweden, even though the built environment in Sweden is designed to higher standards of accessibility generally than that of the UK.
650 ## - SUBJECT ADDED ENTRY--TOPICAL TERM
Topical term or geographic name entry element ARCHITECTURE
650 ## - SUBJECT ADDED ENTRY--TOPICAL TERM
Topical term or geographic name entry element SWEDEN
650 ## - SUBJECT ADDED ENTRY--TOPICAL TERM
Topical term or geographic name entry element ROYAL HOLLOWAY UNIVERSITY
690 ## - LOCAL SUBJECT ADDED ENTRY--TOPICAL TERM (OCLC, RLIN)
Topical term or geographic name as entry element BUILT ENVIRONMENT
700 ## - ADDED ENTRY--PERSONAL NAME
Personal name Hall, P.
942 ## - ADDED ENTRY ELEMENTS (KOHA)
Suppress in OPAC 0
Holdings
Withdrawn status Lost status Source of classification or shelving scheme Damaged status Not for loan Home library Current library Shelving location Date acquired Total Checkouts Full call number Barcode Date last seen Copy number Price effective from Koha item type
    Dewey Decimal Classification     London London Journal article 02/11/1999   ABS60706 101187-1001 06/08/2019 1 06/08/2019 Journal article